Középkori csatakiáltások

Elmentve itt :
Bibliográfiai részletek
Szerző: Halmágyi Miklós
Dokumentumtípus: Cikk
Megjelent: 2007
Sorozat:HADTÖRTÉNELMI KÖZLEMÉNYEK 120 No. 2
mtmt:2152170
Online Access:http://publicatio.bibl.u-szeged.hu/9515
LEADER 00708nab a2200181 i 4500
001 publ9515
005 20191220125801.0
008 160725s2007 hu o 0|| zxx d
022 |a 0017-6540 
024 7 |a 2152170  |2 mtmt 
040 |a SZTE Publicatio Repozitórium  |b hun 
041 |a zxx 
100 1 |a Halmágyi Miklós 
245 1 0 |a Középkori csatakiáltások  |h [elektronikus dokumentum] /  |c  Halmágyi Miklós 
260 |c 2007 
300 |a 590-601 
490 0 |a HADTÖRTÉNELMI KÖZLEMÉNYEK  |v 120 No. 2 
856 4 0 |u http://publicatio.bibl.u-szeged.hu/9515/1/K%C3%B6z%C3%A9pkori%20csataki%C3%A1lt%C3%A1sok.%20Hadt%C3%B6rt%C3%A9nelmi%20K%C3%B6zlem%C3%A9nyek%20120.%20%C3%A9vf.2007%202.%20sz%C3%A1m.pdf  |z Dokumentum-elérés